Digital extensions of the modified Smith Predictor /
Saved in:
| Main Author: | |
|---|---|
| Format: | Book |
| Language: | English |
| Published: |
1982
|
| Subjects: | |
| Tags: |
Add Tag
No Tags, Be the first to tag this record!
|
| LEADER | 00755cam a2200253 4500 | ||
|---|---|---|---|
| 001 | u32503 | ||
| 003 | SIRSI | ||
| 008 | 840302s1982 si v 0 eng | ||
| 015 | |a X830006441 | ||
| 035 | |a AAD-5035 | ||
| 040 | |a UMM | ||
| 050 | 0 | |a TS156.8 | |
| 090 | 0 | 0 | |a TS156.8 |b Tha |
| 100 | 1 | 0 | |a Tham, Robert Quin Yew. |
| 245 | 1 | 0 | |a Digital extensions of the modified Smith Predictor / |c by Robert Tham Quin Yew |
| 260 | |c 1982 | ||
| 300 | |a x, 115, [6] leaves : |b ill. ; |c 30cm | ||
| 504 | 0 | 0 | |a Bibliography: leaves 113-115 |
| 650 | 0 | |a Process control. | |
| 650 | 0 | |a Smith Predictor Controller. | |
| 650 | 0 | |a Digital control systems. | |
| 948 | |a 16/03/1991 |b 07/06/2002 | ||
| 596 | |a 1 | ||
| 999 | |a TS156.8 THA |w LC |c 1 |i A002766047 |l STACKS |m P01UTAMA |r Y |s Y |t TESIS |u 14/4/1992 | ||
